[Event "CHI-ch sf"]
[Site "Vina del Mar"]
[Date "2022.02.12"]
[Round "7"]
[White "Fica Cruz, Joaquin"]
[Black "Navarrete Sandoval, Francisco Javier"]
[Result "0-1"]
[WhiteElo "1961"]
[BlackElo "2111"]
[PlyCount "52"]
[EventDate "2022.02.08"]
[EventType "swiss"]
[EventRounds "8"]
[EventCountry "CHI"]
[SourceTitle "CBM 207 Extra"]
[Source "ChessBase"]
[SourceDate "2022.05.31"]
[SourceVersion "1"]
[SourceVersionDate "2022.05.31"]
[SourceQuality "1"]

1. Nf3 d5 2. b3 c5 3. e3 Nc6 4. Bb2 Nf6 5. Bb5 Bd7 6. 0-0 e6 7. c4 Bd6 8. cxd5 exd5 9. d4 cxd4 10. exd4 0-0 11. h3 Nb4 12. Bxd7 Qxd7 13. a3 Nc6 14. Qd3 Rfe8 15. Nc3 Re7 16. Rfe1 Rae8 17. b4 Rxe1+ 18. Rxe1 Rxe1+ 19. Nxe1 Qe6 20. Nc2 h5 21. Qb5 Nxd4 22. Nxd4 Qe1+ 23. Qf1 Bh2+ 24. Kxh2 Qxf1 25. f3 h4 26. a4 Nh5 0-1

[Event "CHI-ch sf"]
[Site "Vina del Mar"]
[Date "2022.02.11"]
[Round "4"]
[White "Fica Cruz, Joaquin"]
[Black "Bulgarini Torre, Marco"]
[Result "1/2-1/2"]
[WhiteElo "1961"]
[BlackElo "1777"]
[PlyCount "51"]
[EventDate "2022.02.08"]
[EventType "swiss"]
[EventRounds "8"]
[EventCountry "CHI"]
[SourceTitle "CBM 207 Extra"]
[Source "ChessBase"]
[SourceDate "2022.05.31"]
[SourceVersion "1"]
[SourceVersionDate "2022.05.31"]
[SourceQuality "1"]

1. d4 Nf6 2. Nf3 c5 3. d5 e6 4. Nc3 exd5 5. Nxd5 Nxd5 6. Qxd5 Nc6 7. e4 Be7 8. Bc4 0-0 9. Bf4 d6 10. c3 Be6 11. Qd3 Bxc4 12. Qxc4 Qb6 13. 0-0-0 Rad8 14. Rd5 Na5 15. Qd3 Rfe8 16. Rd1 h6 17. h4 Bf8 18. e5 Qc6 19. exd6 Qa4 20. Bg3 Qxa2 21. d7 Nb3+ 22. Kc2 Re6 23. Bc7 c4 24. Qf1 Ba3 25. Rb1 Na1+ 26. Kc1 1/2-1/2

[Event "CHI-ch sf"]
[Site "Quilpue"]
[Date "2022.02.05"]
[Round "4"]
[White "Fica Cruz, Joaquin"]
[Black "Gasic Merino, Franco Ignacio"]
[Result "1/2-1/2"]
[WhiteElo "1951"]
[BlackElo "2200"]
[PlyCount "182"]
[EventDate "2022.02.04"]
[EventType "swiss"]
[EventRounds "8"]
[EventCountry "CHI"]
[SourceTitle "CBM 206 Extra"]
[Source "ChessBase"]
[SourceDate "2022.03.31"]
[SourceVersion "1"]
[SourceVersionDate "2022.03.31"]
[SourceQuality "1"]

1. d4 Nf6 2. Nf3 g6 3. g3 c5 4. d5 b5 5. c4 d6 6. cxb5 a6 7. bxa6 Bg7 8. Nc3 Bxa6 9. Bg2 Nfd7 10. Qc2 Nb6 11. h4 h6 12. 0-0 N8d7 13. Rd1 Nc4 14. b3 Qa5 15. bxc4 Qxc3 16. Qxc3 Bxc3 17. Rb1 Bxc4 18. Bb2 Bxb2 19. Rxb2 Rxa2 20. Rxa2 Bxa2 21. Nd2 0-0 22. Ra1 Ra8 23. Nb3 Nb6 24. Nxc5 Bxd5 25. Rxa8+ Bxa8 26. Nd3 Bxg2 27. Kxg2 Kg7 28. f4 h5 29. e4 Nd7 30. Kf3 e6 31. Ke3 Kf6 32. Kd4 Ke7 33. Nb4 Nf6 34. e5 dxe5+ 35. Kxe5 Ng4+ 36. Ke4 Kd6 37. Nd3 f6 38. Nc1 Nh6 39. Ne2 Nf5 40. Kf3 Kc5 41. Nc3 Nd6 42. g4 hxg4+ 43. Kxg4 Kd4 44. Nd1 Nf5 45. Nf2 Ke3 46. Nd1+ Ke2 47. Nc3+ Kd3 48. Nb5 Nh6+ 49. Kf3 e5 50. Nd6 Nf5 51. Nxf5 gxf5 52. fxe5 fxe5 53. h5 e4+ 54. Kf4 e3 55. h6 e2 56. h7 e1Q 57. h8Q Qe4+ 58. Kg3 f4+ 59. Kf2 Qe3+ 60. Kf1 Qe2+ 61. Kg1 Qe1+ 62. Kg2 Qd2+ 63. Kf1 Qc1+ 64. Kf2 Qc5+ 65. Kf1 Qd5 66. Qh3+ Kd4 67. Qh8+ Ke3 68. Qc3+ Ke4 69. Qc2+ Ke5 70. Qc3+ Kf5 71. Qc2+ Kf6 72. Qc3+ Kg6 73. Qc2+ Kf6 74. Qc3+ Ke6 75. Qh3+ Kf7 76. Qh7+ Ke8 77. Qg6+ Ke7 78. Qg7+ Ke8 79. Qg6+ Ke7 80. Qg7+ Ke6 81. Qg8+ Ke5 82. Qxd5+ Kxd5 83. Kf2 Ke4 84. Ke2 f3+ 85. Kf2 Kf4 86. Kf1 Ke3 87. Ke1 Ke4 88. Kf2 Kf4 89. Kf1 Kg3 90. Kg1 f2+ 91. Kf1 Kf3 1/2-1/2

[Event "CHI-ch sf"]
[Site "Quilpue"]
[Date "2022.02.04"]
[Round "2"]
[White "Fica Cruz, Joaquin"]
[Black "Puebla Arredondo, Claudio"]
[Result "1-0"]
[WhiteElo "1951"]
[BlackElo "2167"]
[PlyCount "75"]
[EventDate "2022.02.04"]
[EventType "swiss"]
[EventRounds "8"]
[EventCountry "CHI"]
[SourceTitle "CBM 206 Extra"]
[Source "ChessBase"]
[SourceDate "2022.03.31"]
[SourceVersion "1"]
[SourceVersionDate "2022.03.31"]
[SourceQuality "1"]

1. d4 Nf6 2. Nf3 g6 3. g3 Bg7 4. Bg2 0-0 5. 0-0 d5 6. c4 dxc4 7. Na3 c3 8. bxc3 c5 9. e3 Nc6 10. Bb2 Bf5 11. Nd2 Qc8 12. d5 Ne5 13. e4 Bh3 14. Qe2 b5 15. f4 Bxg2 16. Kxg2 Nc4 17. Naxc4 bxc4 18. Qxc4 Qb7 19. Rab1 e6 20. dxe6 Rad8 21. Bc1 Qc7 22. Nf3 fxe6 23. Ng5 Rfe8 24. f5 gxf5 25. Nxe6 Qf7 26. exf5 Kh8 27. Qa6 Rb8 28. Bf4 Rxb1 29. Rxb1 Qh5 30. Qxa7 Bf8 31. Re1 Qxf5 32. Qf7 Qc2+ 33. Kf1 Ng4 34. Be5+ Nxe5 35. Qxe8 Qd3+ 36. Kg1 Nf3+ 37. Kh1 Qf5 38. Rf1 1-0

[Event "Valdivia op 2nd"]
[Site "Valdivia"]
[Date "2021.09.18"]
[Round "3"]
[White "Flores Castro, Alex"]
[Black "Fica Cruz, Joaquin"]
[Result "0-1"]
[WhiteElo "1661"]
[BlackElo "1949"]
[PlyCount "74"]
[EventDate "2021.09.16"]
[EventType "swiss"]
[EventRounds "6"]
[EventCountry "CHI"]
[SourceTitle "CBM 204 Extra"]
[Source "ChessBase"]
[SourceDate "2021.11.30"]
[SourceVersion "1"]
[SourceVersionDate "2021.11.30"]
[SourceQuality "1"]

1. e4 e6 2. d4 d5 3. Nd2 Be7 4. Ngf3 Nf6 5. e5 Nfd7 6. Bd3 c5 7. c3 Nc6 8. 0-0 g5 9. dxc5 g4 10. Nd4 Ndxe5 11. Bb5 Bd7 12. Bxc6 bxc6 13. b4 a5 14. Qe2 Ng6 15. a4 e5 16. N4b3 axb4 17. cxb4 Qb8 18. Ba3 Rxa4 19. Na5 Rxa3 20. Rxa3 Qxb4 21. Ra2 0-0 22. Rb1 Qxc5 23. Ndb3 Qb4 24. Qc2 c5 25. Nd2 Qf4 26. g3 Qf6 27. Rb7 Bf5 28. Qb3 c4 29. Naxc4 dxc4 30. Nxc4 Be6 31. Ra6 Qg5 32. Ra1 Rc8 33. Rb8 Rxb8 34. Qxb8+ Kg7 35. Qb5 Qf5 36. Re1 Qd3 37. Rc1 Bg5 0-1

[Event "FIDE World Uni Blitz-D 1st"]
[Site "Tornelo INT"]
[Date "2021.03.13"]
[Round "5.54"]
[White "Abdelrahim, Abdelrahim"]
[Black "Fica Cruz, Joaquin"]
[Result "0-1"]
[WhiteElo "1383"]
[BlackElo "1949"]
[PlyCount "56"]
[EventDate "2021.03.13"]
[EventType "swiss (blitz)"]
[EventRounds "10"]
[EventCountry "NET"]
[SourceTitle "EXT 2022"]
[Source "ChessBase"]
[SourceDate "2021.10.06"]
[SourceVersion "1"]
[SourceVersionDate "2021.10.06"]
[SourceQuality "1"]

1. e4 e6 2. d4 d5 3. e5 c5 4. c3 Qb6 5. Nf3 Nc6 6. Be3 Qxb2 7. Nbd2 cxd4 8. cxd4 Nb4 9. Bb5+ Kd8 10. 0-0 a6 11. Ba4 b5 12. Bb3 Bd7 13. Rb1 Qc3 14. Rc1 Qd3 15. Re1 h5 16. a3 Nc6 17. Qc2 Qxc2 18. Rxc2 Bxa3 19. Nb1 Bb4 20. Rec1 Rc8 21. Ng5 Nh6 22. Nf3 Nf5 23. Bg5+ Be7 24. Bxe7+ Kxe7 25. Nbd2 Ncxd4 26. Nxd4 Nxd4 27. Rxc8 Rxc8 28. Rxc8 Bxc8 0-1

[Event "FIDE World Uni Blitz-D 1st"]
[Site "Tornelo INT"]
[Date "2021.03.13"]
[Round "9.33"]
[White "Semenov, Nikolay1111"]
[Black "Fica Cruz, Joaquin"]
[Result "0-1"]
[WhiteElo "1520"]
[BlackElo "1949"]
[PlyCount "68"]
[EventDate "2021.03.13"]
[EventType "swiss (blitz)"]
[EventRounds "10"]
[EventCountry "NET"]
[SourceTitle "EXT 2022"]
[Source "ChessBase"]
[SourceDate "2021.10.06"]
[SourceVersion "1"]
[SourceVersionDate "2021.10.06"]
[SourceQuality "1"]

1. d4 e6 2. Nf3 Nf6 3. g3 b6 4. Bg2 Bb7 5. 0-0 g6 6. Bg5 Bg7 7. c4 h6 8. Bf4 d6 9. Nc3 0-0 10. Qc2 Nbd7 11. e4 Re8 12. h3 e5 13. Be3 Nf8 14. dxe5 dxe5 15. Rad1 Qc8 16. Nd5 N6d7 17. b4 c6 18. Nc3 Ne6 19. Qb2 Ndf8 20. Ne2 Qc7 21. Rd2 Rad8 22. Rfd1 Rxd2 23. Rxd2 f5 24. exf5 gxf5 25. Nh4 f4 26. gxf4 exf4 27. Bd4 Nxd4 28. Nxd4 c5 29. Nb5 Re1+ 30. Bf1 Qc6 31. Qxg7+ Kxg7 32. Rd5 Qf6 33. Nf5+ Kh8 34. f3 Bxd5 0-1

[Event "Concepcion Hexagonal U2200"]
[Site "Concepcion"]
[Date "2016.05.21"]
[Round "3.2"]
[White "Palma Neira, Eliseo Maximiliano"]
[Black "Fica Cruz, Joaquin"]
[Result "0-1"]
[WhiteElo "1978"]
[BlackElo "1957"]
[PlyCount "88"]
[EventDate "2016.05.07"]
[EventType "tourn"]
[EventRounds "10"]
[EventCountry "CHI"]
[SourceTitle "EXT 2024"]
[Source "ChessBase"]
[SourceDate "2023.10.10"]
[SourceVersion "1"]
[SourceVersionDate "2023.10.10"]
[SourceQuality "1"]

1. d4 d5 2. c4 e6 3. Nc3 Nf6 4. Nf3 c6 5. Bg5 dxc4 6. e4 b5 7. e5 h6 8. Bh4 g5 9. Nxg5 hxg5 10. Bxg5 Nbd7 11. exf6 Qc7 12. g3 Bb7 13. Bg2 c5 14. d5 b4 15. d6 Qb6 16. Ne4 0-0-0 17. 0-0 Bd5 18. a3 b3 19. Qe2 Bxd6 20. Rfd1 Bc7 21. Rxd5 exd5 22. Nc3 Qe6 23. Bxd5 Qxe2 24. Nxe2 Ne5 25. Be4 Nd3 26. Nc3 Be5 27. Nd5 Bxb2 28. Rd1 Bd4 29. Ne7+ Kc7 30. Nd5+ Rxd5 31. Bxd5 Nxf2 32. Bf4+ Kd7 33. Rb1 Ne4+ 34. Kg2 Nc3 35. Rxb3 cxb3 36. Bxb3 Bxf6 37. Bxf7 Ne2 38. Bd2 Nd4 39. h4 Ne6 40. h5 c4 41. Bg6 c3 42. Bc1 Bg5 43. Bxg5 Nxg5 44. Kf2 Nh3+ 0-1